000 00617nam a2200205 i 4500
001 106596
003 ES-MaACL
005 20250701063140.0
007 t|
008 061205s1906 fr ||||1| fre d
080 _a821.133.1-31"19"
100 1 _aClaretie, Jules,
_d1840-1913
_9160289
245 1 3 _aLa cigarette /
_cJules Claretie ; illustrations de Henri Zo.
260 _aParis :
_bA. Girard,
_c1906.
300 _a72 p. :
_bil. ;
_c26 cm.
500 _aBiblioteca Jacinto Martínez Lacalle.
700 1 _aZo, Henri.
_9118315
852 _aES-MaACL
_jE-11409
_bR.138977
999 _c106596
_d106596